| 000 | 00563nam a2200205 a 4500 | ||
|---|---|---|---|
| 001 | 83464 | ||
| 003 | BD-RjUL | ||
| 005 | 20240325104540.0 | ||
| 008 | 240325r19611949enk 000 0 eng d | ||
| 035 | _a(BD-RjUL)83464 | ||
| 040 |
_aBGU _beng _cBD-RjUL |
||
| 041 | _aeng | ||
| 082 |
_223 _a823.91 _bORB 1961 |
||
| 100 | 1 |
_aOrwell, George, _d1903-1950 _912495 |
|
| 245 | 1 | 0 |
_aBurmese days : _ba novel / _cby George Orwell |
| 260 |
_aLondon : _bSecker & Warburg, _c1949, [reprinted 1961] |
||
| 300 |
_a287 p.; _c19 cm. |
||
| 650 | _aEnglish fiction | ||
| 942 |
_2ddc _cBK |
||
| 999 |
_c83464 _d83464 |
||